000 00853nam a2200277Ia 4500
001 21839
005 20260320113317.0
008 260320s9999||||xx |||||||||||||| ||und||
022 _a2313268X
041 _aESP
082 _aHR 344 OCT 2025
_bAP
100 _a
_e
110 _aInstituto Pacífico
245 0 _aActualidad penal :
_brevista de derecho penal, procesal penal, penitenciario y criminología
246 _a
_5
_b
260 _aLima :
_bInstituto Pacífico,
_c2025
300 _a316 páginas :
_bcuadros ;
_c25 cm.
_e
440 _a
_n
_v
505 _aN° 136 (2025)
650 _aCIS
653 _aDerecho - Revista
654 _aDER
700 _a
_c
856 _uhttps://0u20slruc-y-https-actualidadpenal-pe.itmsp.museknowledge.com/revista-digital/edicion/actualidad-penal-136
_zVersión digital
942 _cREV
_dJUS
_fMAT
_2ddc
_n
999 _c21839
_d21839